01201nam a2200337 i 4500001001000000003000900010005001700019007000300036008004100039020002400080040003000104041000800134082001800142111007500160245011700235264003300352300002800385336002700413337003300440338002800473590002600501650002900527650003100556650003400587650003000621700003400651910000700685942001400692952014000706999001700846000020457DO-SdBNP20260428073715.0ta251104e2012 dr er 000 j spa d a9789264171079 [pdf] aDO-SdBNPbspacBNPHUerda aspa 4axxxbE9212222 aPremio Joven de Cuento Feria del Librod(2015 :cSanto Domingo)94312813aEvaluaciones de politicas nacionales de educación :bla educación superior en la República Dominicana 2012 aSanto Domingo :bOCDE,c2012 a185 páginas ;c24 cm. ardacontentbtexto2txt ardamediabsin mediación2n ardacarrierbvolumen2nc aInventariado, 2025/DG 0aCuentos dominicanos9176 0aLiteratura dominicana.967 4aCertámenes literarios91541 0aPremios literarios 915421 aOrtíz Pérez, Ariel943130 aDG 2ddccLBS1 00102ddc51708PDaBNPHUbBNPHUcCTd2025-11-04edonaciónl0oBNPHU PD E921p2025-12474r2025-11-04w2025-11-04yLBS1zIsaac Mieses c60007d60007